| LEADER |
00911nam0a2200205 450 |
| 001 |
16867042 |
| 010 |
|
|
|a 978-2-7467-1369-7
|b Br.
|d 15
|
| 100 |
|
|
|a 20100209d2010 u u0frey01 ba
|
| 101 |
1 |
|
|a fre
|c fre
|
| 102 |
|
|
|a FR
|
| 200 |
0 |
|
|a Vengeance du wombat (La)
|e et autres histoires du bush
|f Kenneth Cook
|g traduit de l'anglais (Australie) par Mireille Vignol
|
| 207 |
|
1 |
|a
|
| 215 |
|
|
|a 157 p.
|d 22 x 15 cm
|
| 330 |
|
|
|a Recueil de 14 histoires courtes inspirées des tribulations de l'auteur à travers l'Australie qui dresse le tableau du bush australien, avec un kangourou suicidaire, un koala explosif, un dangereux wombat, un wallaby tueur, etc.
|
| 606 |
0 |
|
|a Littérature australienne
|
| 700 |
|
0 |
|a Cook
|b Kenneth
|f 1929-1987
|4 70
|
| 702 |
|
0 |
|a Vignol
|b Mireille
|4 730
|
| 900 |
|
|
|a Roman
|
| 901 |
|
|
|a Adultes
|
| 995 |
|
|
|a Médiathèque
|c Médiathèque
|f 00156008245581
|h 00156008245581
|k R COO
|o p
|q a
|r az
|e Médiathèque
|